Cítime sa oklamaní

Bibliographic Details
Main Author: Čobejová, Eva, 1965- (Author, Interviewer)
Other Authors: Hanus, Martin, 1977- (Interviewer)
Format: Article
Language:Slovak
PhysicalDescription:Fotogr.
ISSN:1336-5932
Subjects:

MARC

LEADER 00000nab a2200000 a 4500
001 vtls008623378
003 SK-MaSNL
005 20260303220122.0
008 140515c2006 xo wr|p|||||||000 b|slo
015 |a SNBRB2006/02  |2 snkbucl 
040 |a SNKBUCL  |b slo  |c SNKBUCL  |e AACR2 
041 0 |a slo 
044 |a xo  |c SK 
080 |a 329.3:28  |x (437.6)  |x KDH  |2 2001 
080 |a 328.1  |x (437.6)  |2 2001 
080 |a 329.051  |x (437.6)  |2 2001 
100 1 |a Čobejová, Eva,  |d 1965-  |4 ivr  |4 aut  |9 135492 
245 1 0 |a Cítime sa oklamaní  |c Eva Čobejová, Martin Hanus, Pavol Hrušovský 
300 |b Fotogr. 
610 1 7 |a Slovensko.  |b Vláda  |2 snkbucl  |9 14235 
610 2 7 |a Kresťanskodemokratické hnutie (politická strana)  |2 snkbucl  |9 34649 
650 0 7 |a vládne politické strany  |2 snkbucl  |9 28176 
700 1 |a Hanus, Martin,  |d 1977-  |4 ivr  |9 103369 
700 1 |a Hrušovský, Pavol,  |d 1952-  |4 ive  |9 103307 
773 0 |t Týždeň  |g Roč. III, č. 7 (2006), s. 18-20  |x 1336-5932 
852 |a SNK  |b KIS3GCP 
958 |a SK 
999 |c 2225213  |d 2227143